000 00479nam a22001697a 4500
003 OSt
005 20250213112843.0
008 250213b |||||||| |||| 00| 0 eng d
020 _a9783938780305
040 _cN
082 _a728.5 E86 2008
245 _a 1000 x European hotel
260 _bBraun ; [Thames & Hudson, distributor], [Berlin], [London], 2008
300 _a024 pages : color illustrations, color map ; 32 cm.
650 _aEurope Hotels
942 _2ddc
_cBK-EN
_n0
999 _c7648
_d7648